The performance of government in energy regulations (Registro nro. 27917)

Detalles MARC
000 -LEADER
fixed length control field 00344 a2200109 4500
001 - CONTROL NUMBER
control field ART_17553
005 - DATE AND TIME OF LATEST TRANSACTION
control field 20260410161923.0
008 - FIXED-LENGTH DATA ELEMENTS--GENERAL INFORMATION
fixed length control field 260409a
100 1# - MAIN ENTRY--PERSONAL NAME
Personal name Mead, Walter J.
245 10 - TITLE STATEMENT
Title The performance of government in energy regulations
773 0# - HOST ITEM ENTRY
Title The American Economic Review
Related parts - Vol. 69, Nº 2 (mayo 1979)
Record control number REV16190

No hay ítems disponibles.